| 000 | 00562nam a22001817a 4500 | ||
|---|---|---|---|
| 005 | 20250401164015.0 | ||
| 008 | 250401b |||||||| |||| 00| 0 eng d | ||
| 020 | _a9781138282933 | ||
| 041 | _aeng | ||
| 082 | _a352.11 MIS | ||
| 100 | _aMissoni, Eduardo | ||
| 245 | _aManagement of International Institutions and NGOs | ||
| 260 |
_aLondon _bRoutledge _c2017 |
||
| 300 | _a442;. pages: 23 cm | ||
| 650 | _aInternational Agencies-Management; Non-Governmental Organizations; Management; International Cooperation | ||
| 700 | _aAlesani, Daniele | ||
| 942 | _cBK | ||
| 999 |
_c43510 _d43510 |
||